000 01103cam a2200313 | 4500
999 _c4729
_d4729
003 CaAEU
005 20220328085800.0
008 062580s1975 enk 0 eng l
020 _a0713142022
040 _cALUPE UNIVERSITY
049 _aaeu
050 0 _aQR 46
_b.T67 1975
090 0 0 _aQR 46 T67 1975
_bAEU
100 1 _aTopley, W. W. C.
_d1886-1944.
245 0 0 _aTopley and Wilson's Principles of bacteriology, virology and immunity
_cby Graham S. Wilson and Ashley Miles. With the help of Elizabeth Asheshov [and others]
250 _a6th ed.
260 _a[London]
_bArnold
_c[1975]
300 _a2 v. (2706, lvi p.)
_billus.
_c25 cm.
336 _atext
_btxt
_2rdacontent
337 _aunmediated
_bn
_2rdamedia
338 _avolume
_bnc
_2rdacarrier
500 _aPrevious editions under title: Topley and Wilson's Principles of bacteriology and immunity.
650 0 _aMedical microbiology.
650 0 _aImmunology.
650 0 _aBacteriology.
700 1 _aWilson, Graham S.
_q(Graham Selby),
_cSir,
_d1895-1987
700 1 _aMiles, Ashley,
_cSir,
_d1904-1988
942 _2lcc
_cBK
_nMM